000 01907nam a2200481 i 4500
001 36967
003 FlNmELB
005 20241216221448.0
006 m o d |
007 cr cnu||||||||
008 150102s2010 pe ob 001 0 spa d
020 _a9781413559262 (e-book)
020 _z9789972512605
035 _a(MiAaPQ)EBC3226236
035 _a(Au-PeEL)EBL3226236
035 _a(CaPaEBR)ebr10995403
035 _a(OCoLC)1105893949
040 _aFINmELB
_bspa
_erda
_cFINmELB
050 4 _aHV5840.P4
_b.G659 2010
080 _a33
082 0 _a338.4761532379
_223
100 1 _aGootenberg, Paul.
245 1 3 _aLa invención de la cocaína :
_bla historia olvidada de Alfredo Bignon y la ciencia nacional peruana, 1884-1890 /
_cPaul Gootenberg ; traducido por Magally Alegre-Henderson.
264 1 _aLima :
_bInstituto de Estudios Peruanos,
_c2010.
300 _a1 recurso en línea (120 páginas)
336 _atexto
_btxt
_2rdacontent/spa
337 _acomputadora
_bc
_2rdamedia/spa
338 _arecurso en línea
_bcr
_2rdacarrier/spa
490 1 _aColección mínima ;
_v63
500 _aIncluye índice.
504 _aContiene bibliografía.
588 _aDescripción basada en recurso en línea; Título de la página del título en PDF (e-libro, visto January 02, 2015).
590 _aRecurso electrónico. Santa Fe, Arg.: e-libro, 2015. Disponible vía World Wide Web. El acceso puede estar limitado para las bibliotecas afiliadas a e-libro.
650 0 _aCocaine industry
_zPeru
_xHistory.
650 0 _aDrug traffic
_zPeru.
650 4 _aIndustria de la cocaína
_zPerú
_xHistoria.
651 4 _aTráfico de drogas
_zPerú.
655 4 _aLibros electrónicos.
700 1 _aAlegre-Henderson, Magally,
_etraductor.
797 2 _ae-libro, Corp.
830 0 _aColección mínima ;
_v63.
856 4 0 _uhttps://elibro.net/ereader/politecnicointernacional/79430
999 _c36967
_d36967